| 000 | 00761nam a2200205Ia 4500 | ||
|---|---|---|---|
| 003 | GCL | ||
| 008 | 140319s9999 xx 000 0 ara d | ||
| 020 | _a8077217977 | ||
| 040 |
_aGCL / _cGCL |
||
| 082 | 0 | 4 |
_a636.01 _bم ا |
| 100 | 1 | _aممدوح كامل شبيطه | |
| 245 | 1 | 0 |
_aإنتاجية مزارع اللبن واللحم : _bالجزء الاول - موسوعة انواع العائلة البقرية ومجموعة الجاموس / _cممدوح كامل شبيطه |
| 260 |
_aالقاهرة : _bدار السعادة ، _c2003 |
||
| 300 |
_a942 ص ؛ _c24 سم |
||
| 650 | 0 | 4 | _aمزارع الالبان |
| 650 | 0 | 4 | _aالانتاج الحيوانى |
| 650 | 0 | 4 | _aمزارع الحيوانات |
| 650 | 0 | 4 | _aالمزارع |
| 942 |
_2ddc _cBK |
||
| 999 |
_c6279 _d6279 |
||